[Event "EICC 2017"]
[Site "Minsk"]
[Date "2017.06.03"]
[Round "5"]
[White "Bosiocic, Marin"]
[Black "Costachi, Mihnea"]
[Result "1-0"]
[WhiteElo "2603"]
[BlackElo "2460"]
[Annotator "TA"]
[PlyCount "105"]
[EventDate "2017.??.??"]
[EventCountry "BLR"]
[SourceTitle "playchess.com"]
[Source "ChessBase"]
[SourceQuality "1"]

{[%evp 30,105,19,16,18,16,16,16,16,19,29,3,30,30,38,33,92,84,90,83,78,80,81,64,69,50,81,95,127,112,138,138,112,127,221,221,221,221,217,217,221,219,228,197,234,234,234,226,249,234,391,310,402,402,383,370,458,440,568,568,719,756,743,745,731,735,712,703,689,686,29979,29980,29980,29981,29981,29983,29983,29984]} 1. e4 e5 2. Nf3 Nc6 3. Bb5 a6 4. Ba4 Nf6 5. O-O Be7 6. Re1 b5 7. Bb3 d6 8. c3 O-O 9. h3 Bb7 10. d4 Nd7 11. Nbd2 exd4 {C92: Closed Ruy Lopez: 9...Be6, Karpov and Flohr-Zaitsev Variations} 12. cxd4 Bf6 13. Nf1 Na5 14. Bc2 Re8 15. Ng3 g6 16. Rb1 {LiveBook: 12 Games} c5 17. d5 Nc4 18. Nh2 {[#]} ({Predecessor:} 18. b3 Ncb6 19. Nh2 {0-1 (49) Lopez Martinez,J (2538)-Svetushkin,D (2581) Roquetas de Mar 2015}) 18... Bg7 $146 (18... Nde5 19. b3 {1-0 (40) Grischuk,A (2750)-Alekseenko,K (2585) Sochi 2017}) 19. b3 Ncb6 $1 20. Ng4 Qh4 21. Be3 Ne5 22. Qc1 {Threatens to win with Bg5.} Nxg4 (22... Qe7 $14) 23. Bg5 $16 Bh6 24. Bxh4 Bxc1 25. Rexc1 Ne5 26. f4 $36 {[%mdl 2048] White is more active.} Ned7 27. a4 Kg7 28. Bd3 c4 29. bxc4 Nc5 {[#]} 30. Bf1 $1 Nbxa4 31. cxb5 Nxe4 (31... Bc8 $16 {might work better.} 32. f5 a5) 32. Nxe4 $18 Rxe4 33. Rc7 Bxd5 {White should prevent ...axb5.} 34. bxa6 Nc5 35. Rd1 Ne6 36. Re7 Bc4 {[#]} 37. Bxc4 $1 ({Weaker is} 37. Rxd6 Bxf1 38. Kxf1 Rxf4+ 39. Bf2 Nc5 $16) 37... Rxc4 38. Rxd6 Rxf4 39. Bf2 Kf6 $2 (39... Rxf2 {was necessary.} 40. Kxf2 Nc5) 40. Rdd7 Rxa6 41. Rxf7+ Ke5 42. Bg3 h5 43. Rd1 g5 44. h4 Ra3 45. Re1+ Kd6 46. Bh2 Kd5 47. Bxf4 gxf4 {[%mdl 4096] Endgame KRR-KRN} 48. Rf5+ Kd6 49. Rxh5 Re3 50. Rxe3 {White mates.} fxe3 51. Rh6 Ke5 {[#]} 52. Rxe6+ $1 Kxe6 53. Kf1 {Precision: White = 99%, Black = 54%.} 1-0

[Event "EICC 2017"]
[Site "Minsk"]
[Date "2017.06.03"]
[Round "5"]
[White "Pashikian, Arman"]
[Black "Filipets, Egor"]
[Result "1-0"]
[WhiteElo "2603"]
[BlackElo "2328"]
[Annotator "TA"]
[PlyCount "85"]
[EventDate "2017.??.??"]
[EventCountry "BLR"]
[SourceTitle "playchess.com"]
[Source "ChessBase"]
[SourceQuality "1"]

{[%evp 18,85,25,20,33,34,33,37,29,26,34,43,39,41,51,22,22,5,20,29,39,8,8,-25,-30,-62,-54,-54,-52,-52,-52,-52,-52,-52,-57,-56,-59,-54,-52,-59,-55,-64,-66,-62,-63,-71,0,-5,41,0,43,1,6,0,25,0,24,24,200,199,190,185,214,214,504,502,492,483,577,562]} 1. d4 f5 2. Nf3 Nf6 3. g3 g6 4. Bg2 Bg7 5. O-O O-O 6. c4 d6 7. Nc3 c6 8. b3 Na6 {[%cal Bb8a6,Ba6c5,Bc5e4][%mdl 32]} 9. Re1 Qc7 {A88: Dutch Defence: Leningrad System: 5 Nf3 0-0 6 0-0 d6 7 Nc3 c6} (9... Ne4 10. Bb2 Nxc3 11. Bxc3 Nc5 12. Ng5 d5 13. Nh3 Ne4 14. Bb2 Be6 15. Nf4 Bf7 16. cxd5 cxd5 17. Nd3 {1-0 (47) Wojtaszek,R (2744)-Caruana,F (2820) Wijk aan Zee 2015}) 10. Ba3 {LiveBook: 4 Games} Ne4 11. Qc2 Nxc3 {White is slightly better.} 12. Qxc3 Nc5 13. Rad1 Ne4 14. Qc2 $146 ({Predecessor:} 14. Qd3 Qa5 15. b4 Qa4 16. Nd2 d5 17. cxd5 cxd5 {½-½ (33) Kurbonboeva,S (2242)-Saduakassova,D (2405) Dushanbe 2015}) 14... Qa5 15. Bb2 Be6 16. Nd2 d5 17. Nf1 Rad8 18. f3 Ng5 19. cxd5 cxd5 20. a4 Rc8 21. Qd3 f4 $36 {[%mdl 2048] Black has good play.} 22. Ba3 Bf5 23. Qd2 Qxd2 24. Rxd2 Ne6 $1 25. e3 fxe3 26. Nxe3 Bxd4 27. Bb2 $1 {[%cal Rb2d4]} Bb6 28. b4 a5 $1 29. Kh1 Bxe3 $1 30. Rxe3 d4 31. Re1 {Threatening g4.} Kf7 (31... axb4 $17 {...Nc5 is the strong threat.} 32. g4 Rc2) 32. bxa5 Rc5 33. Bf1 Rfc8 34. a6 bxa6 35. Bxa6 Rc2 36. Red1 (36. Ree2 $5 {[%cal Ra6c8]} R8c5 37. Bxd4 $11) 36... Rxd2 37. Rxd2 Rc2 $2 (37... Rb8 $11 {and Black stays safe.}) 38. Rxc2 $18 Bxc2 39. a5 {[%cal Ba4a5,Ba5a6][%mdl 32]} d3 {[#] Threatens to win with ...d2.} 40. Bc3 Ke8 $2 (40... Nc7 {was worth a try.}) 41. Bb7 {White is clearly winning.} Kd7 42. a6 Kc7 43. Bd5 {Precision: White = 61%, Black = 44%.} 1-0

[Event "EICC 2017"]
[Site "Minsk"]
[Date "2017.06.03"]
[Round "5"]
[White "Neiksans, Arturs"]
[Black "Goryachkina, Aleksandra"]
[Result "1-0"]
[WhiteElo "2599"]
[BlackElo "2470"]
[Annotator "TA"]
[PlyCount "103"]
[EventDate "2017.??.??"]
[EventCountry "BLR"]
[SourceTitle "playchess.com"]
[Source "ChessBase"]
[SourceQuality "1"]

{[%evp 20,103,17,7,19,13,13,10,13,0,0,18,19,0,24,24,21,26,26,27,62,65,56,42,56,59,60,56,58,64,62,40,40,40,62,54,77,79,79,72,86,86,90,106,185,184,191,184,184,184,193,193,190,191,208,208,269,269,293,237,222,218,233,0,129,0,351,350,372,345,363,362,411,410,416,416,422,425,421,424,414,381,387,299,302,301]} 1. e4 e6 2. d4 d5 3. Nd2 c5 4. exd5 Qxd5 5. Ngf3 cxd4 6. Bc4 Qd7 {C07: French Tarrasch: 3...c5, 4 Ngf3 and 4 exd5 Qxd5} (6... Qd6 7. O-O Nf6 8. Nb3 Nc6 9. Nbxd4 Nxd4 10. Nxd4 a6 11. c3 Qc7 12. Bd3 Bd6 13. g3 h6 14. Qf3 Be5 15. Re1 Bd7 16. Qe3 Bxd4 17. Qxd4 Bc6 18. Bf4 Qd8 19. Be5 Qxd4 20. Bxd4 {1-0 (57) Karjakin,S (2783)-Meier,G (2630) chess.com INT 2017}) 7. O-O Nc6 8. Nb3 a6 9. Nbxd4 Nxd4 10. Nxd4 Qc7 11. Bd3 {LiveBook: 7 Games} Bd6 12. h3 Nf6 13. Re1 O-O 14. Bg5 Bh2+ 15. Kh1 {Strongly threatening Bxf6.} Be5 $1 {[%cal Re5d4]} 16. c3 Bxd4 $146 ({Predecessor:} 16... h6) 17. cxd4 {Bxf6 is the strong threat.} Nd5 $1 18. Qh5 {[%csl Gd3][%cal Rh5h7]} g6 19. Qf3 f6 20. Bh6 Rd8 21. Re2 Qf7 22. Rae1 Bd7 23. Bc4 Re8 24. Bxd5 exd5 25. Qf4 Rxe2 26. Rxe2 Bb5 27. Re3 Rc8 28. Rf3 f5 29. Re3 Re8 30. Rxe8+ Qxe8 31. Qc7 {[%csl Gh6][%cal Rc7g7]} Qd7 (31... Qf7 $16 {was called for.} 32. Qb8+ Be8) 32. Qb8+ $18 Kf7 33. Qh8 Ke6 34. Bg7 Qc7 {intending ...Qc1+.} 35. Qg8+ $1 ({Stronger than} 35. Qxh7 Qc1+ 36. Kh2 Qf4+ 37. Kg1 Qc1+ 38. Kh2 Qf4+ 39. Kh1 Qc1+ 40. Kh2 $11) 35... Qf7 36. Qxh7 f4 37. f3 Bf1 38. Qh8 g5 39. Qc8+ Qd7 40. Qg8+ $1 Qf7 {[#]} 41. Qc8+ ({White must play} 41. Qh8 $1 $18) 41... Qd7 $16 {[#]} 42. Qh8 ({Better is} 42. Qxd7+ $1 $16 Kxd7 43. Bh6) 42... Qe7 $2 {[%mdl 8192]} (42... Qf7 $1 $11 43. Be5 Kf5) 43. Be5 $18 Kd7 44. Qg8 Bc4 45. b3 Bb5 46. Qxd5+ Ke8 47. Qe4 Bc6 48. d5 Bb5 49. a4 Bd7 50. Qg6+ Qf7 51. Qxg5 Qxd5 52. Qg6+ {Precision: White = 88%, Black = 43%.} 1-0

[Event "EICC 2017"]
[Site "Minsk"]
[Date "2017.06.03"]
[Round "5"]
[White "Fedorov, Alexei"]
[Black "Bacrot, Etienne"]
[Result "1/2-1/2"]
[WhiteElo "2598"]
[BlackElo "2696"]
[Annotator "TA"]
[PlyCount "33"]
[EventDate "2017.??.??"]
[EventCountry "BLR"]
[SourceTitle "playchess.com"]
[Source "ChessBase"]
[SourceQuality "1"]

{[%evp 26,33,9,0,2,-11,0,0,0,0]} 1. e4 $146 e5 2. Nf3 Nc6 3. Bc4 Bc5 4. O-O Nf6 5. d3 d6 6. c3 a6 7. Bb3 O-O 8. Nbd2 {[%cal Bb1d2,Bd2f1,Bf1e3][%mdl 32]} h6 9. Re1 Be6 {C54: Giuoco Piano: 4 c3 Nf6, main lines with 5 d4 and 5 d3} 10. Nf1 Bxb3 11. Qxb3 Qd7 12. Be3 Bxe3 13. Nxe3 Rfe8 14. h3 {LiveBook: 7 Games. The position is equal.} Ne7 15. Nh2 c6 16. Nhg4 Nxg4 17. hxg4 1/2-1/2

[Event "EICC 2017"]
[Site "Minsk"]
[Date "2017.06.03"]
[Round "5"]
[White "Kulaots, Kaido"]
[Black "Baghdasaryan, Vahe"]
[Result "1/2-1/2"]
[WhiteElo "2597"]
[BlackElo "2449"]
[Annotator "TA"]
[PlyCount "117"]
[EventDate "2017.??.??"]
[EventCountry "BLR"]
[SourceTitle "playchess.com"]
[Source "ChessBase"]
[SourceQuality "1"]

{[%evp 27,117,19,39,22,28,39,28,36,60,-12,-6,-26,-26,-42,-16,-15,-16,-108,-54,-131,-147,-121,-137,-135,-154,-143,-133,-119,-85,-122,-41,-92,-92,-92,-92,-92,-92,-97,-89,-66,-48,-350,-49,-104,-89,-277,-47,-47,-21,-89,-85,-86,-61,-65,-63,-56,-10,-18,-18,-18,0,-14,-14,-14,-11,-19,-11,-17,-19,-22,0,0,0,0,0,0,0,0,0,0,0,0,0,0,0,0,0,0,0,0,0,0]} 1. e4 c5 2. Nf3 Nc6 3. d4 cxd4 4. Nxd4 e5 5. Nb5 d6 6. N1c3 a6 7. Na3 b5 8. Nd5 Nf6 9. Bg5 Be7 10. Bxf6 Bxf6 11. c4 b4 12. Nc2 a5 13. g3 {B33: Sicilian: Pelikan and Sveshnikov Variations} Bg5 14. h4 Bh6 {LiveBook: 26 Games} 15. Bh3 {White is slightly better.} Bxh3 16. Rxh3 O-O 17. g4 Bf4 $1 18. g5 $146 (18. b3 $14) ({Predecessor:} 18. Qf3 Re8 19. b3 h6 20. Nxf4 exf4 {1-0 (51) Noble,M (2478)-Rattinger,T (2578) ICCF email 2009}) 18... Ne7 19. Nxf4 exf4 20. Nd4 Qc8 21. Qd3 Re8 $36 {[%mdl 2048] White must now prevent ...Ng6. Black is more active.} 22. h5 (22. Nb5 $11) 22... Nf5 (22... Qg4 $17 23. Rh1 Qxg5) 23. Ne2 ({White should play} 23. Rh1 $1 $15) 23... Ng3 $1 $17 24. Rh4 Nxe4 25. Rxf4 Nxg5 26. O-O-O h6 27. Ng3 Nh3 28. Rf5 Qc6 (28... a4 $17 29. Qd5 Qe6 30. Qxe6 Rxe6) 29. Qd4 (29. Qd5 $15 Qxd5 30. Rdxd5) 29... a4 30. Rd5 Rac8 31. b3 axb3 32. axb3 Qa6 {aiming for ...Nxf2!} 33. Nf5 {[%csl Gf5][%cal Rd4g7]} Qa3+ (33... f6 $5 {[%cal Rh3f4]} 34. Nxd6 Nf4 $15) 34. Kd2 $2 {[%mdl 8192]} (34. Kc2 $15 Qa2+ 35. Qb2 Qxb2+ 36. Kxb2) 34... Qa2+ $2 ({Better is} 34... f6 $19 35. Nxd6 Qa2+ 36. Kc1 Re2) 35. Kc1 $15 {[%csl Gf5][%cal Rd4g7]} f6 36. Nxh6+ $2 (36. Qb2 $17 Qxb2+ 37. Kxb2) 36... gxh6 $2 (36... Kh7 $1 $19 {And now ...Nf4 would win.} 37. Qd3+ Kh8 38. Nf7+ Kg8 39. Nh6+ Kf8 40. Rxd6 Qa1+ 41. Qb1 Qa3+ 42. Qb2 Nxf2 43. Qxa3 bxa3) 37. Qxf6 {Qg6+ would kill now.} Qa3+ ({Not} 37... Qxb3 38. Rg1+ $1 {[%mdl 512]} Nxg1 39. Qg6+ Kh8 40. Qxh6+ Kg8 41. Rg5+ Kf7 42. Rg7+ Kf8 43. Qh8#) 38. Kd2 {[#]} (38. Kc2 $1 $11 {keeps the balance.} Qa7 39. Rxd6) 38... Qa7 $1 $17 {[%cal Ra7f2]} ({Worse is} 38... Qxb3 {[#]} 39. Rg1+ $1 {[%mdl 512]} Nxg1 40. Qg6+ Kh8 41. Qxh6+ Kg8 42. Rg5+ Kf7 43. Rg7+ Kf8 44. Qh8#) 39. Rxd6 Qxf2+ 40. Qxf2 Nxf2 41. Rg1+ Kh7 {Hoping for ...Ne4+.} (41... Kf7 $5 {[%cal Rf2e4]} 42. Rf1 Ke7 43. Rxh6 Rcd8+ 44. Kc2 Ra8 $17) 42. Rd7+ {The position is equal.} Kh8 43. Rg6 Ne4+ 44. Kc2 Ra8 45. Kb2 Ra5 46. Rxh6+ Kg8 47. Rg6+ Kf8 48. Rh7 Nc3 (48... Re7 $5 {[%cal Re7h7]} 49. Rg8+ Kxg8 50. Rxe7 Nc5 $15) 49. Rh8+ Ke7 50. Rh7+ Kd8 51. Rd6+ Kc8 52. Rc6+ Kb8 (52... Kd8 $5 53. Rd6+ $8 Kc8 54. Rc6+ Kd8 55. Rd6+ $11) 53. Rb6+ Kc8 54. Rc6+ Kb8 (54... Kd8 $5 55. Rd6+ $8 Kc8 56. Rc6+ $11) 55. Rb6+ Ka8 (55... Kc8 $5 56. Rc6+ $8 $11) 56. Rxb4 Re3 57. Rh8+ Ka7 58. Rh7+ Ka6 {( -> ...Ra2+)} (58... Ka8 $5 59. Rh8+ $8 Ka7 60. Rh7+ Ka8 $11) 59. Rh6+ {Precision: White = 49%, Black = 52%.} 1/2-1/2

[Event "EICC 2017"]
[Site "Minsk"]
[Date "2017.06.03"]
[Round "5"]
[White "Bogdanovich, Stanislav"]
[Black "Usmanov, Vasily"]
[Result "0-1"]
[WhiteElo "2596"]
[BlackElo "2443"]
[Annotator "TA"]
[PlyCount "86"]
[EventDate "2017.??.??"]
[EventCountry "BLR"]
[SourceTitle "playchess.com"]
[Source "ChessBase"]
[SourceQuality "1"]

{[%evp 16,85,51,33,43,14,29,31,58,27,34,28,37,29,36,23,78,73,83,81,81,87,78,85,77,83,80,85,77,89,83,23,20,7,2,0,0,0,0,0,0,-24,-23,-36,-28,-29,-20,-43,-11,-11,-13,-13,0,0,0,-416,-416,-435,-435,-446,-443,-1977,-434,-481,0,-1076,0,-458,-424,-700,-660,-29999]} 1. Nf3 Nf6 2. c4 e6 3. g3 d5 4. Bg2 dxc4 5. O-O c5 6. Na3 Be7 7. Nxc4 Nc6 8. b3 O-O 9. Bb2 Qc7 {A13: English Opening: 1...e6} (9... Bd7 10. d4 Rc8 11. dxc5 Bxc5 12. Nd6 Rc7 13. Rc1 b6 14. Ng5 Qe7 15. Nge4 Nxe4 16. Nxe4 Rd8 17. Nxc5 bxc5 {1-0 (46) Grischuk,A (2795)-Inarkiev,E (2688) Moscow 2014}) 10. Rc1 Rd8 (10... b5 $5 {[%cal Rb5c4]} 11. Nfe5 Bb7 12. Nxc6 Bxc6 13. Bxc6 Qxc6 $11) 11. Qc2 Bd7 {White is slightly better.} 12. Rfd1 Rac8 13. Qb1 h6 $146 ({Predecessor:} 13... Be8) 14. d4 b5 15. Ne3 cxd4 (15... Qb6 $11) 16. Nxd4 $16 Qb6 17. Nxc6 Bxc6 18. Rxd8+ Bxd8 19. Qd3 Bd7 20. Rxc8 Bxc8 21. Bd4 Qa5 22. Bxa7 Be7 23. Bd4 (23. Qc2 $16 Bb7 24. Bxb7 Qxa7 25. Qc8+ Kh7 26. Qa8) 23... Qxa2 $11 24. Qxb5 (24. b4 $5) 24... Ba6 $1 $36 {[%cal Ra6b5][%mdl 2048] Black has some pressure.} 25. Qb8+ Bf8 $1 26. Bc6 Qd2 27. Qa8 Bxe2 {( -> ...Qe1+)} 28. Bxf6 gxf6 29. Kg2 Kg7 {aiming for ...Bc5.} 30. Bf3 Bd3 {...Bc5 is the strong threat.} 31. Qc6 f5 32. Qc7 {[#]} Bd6 $1 {[%mdl 512]} 33. Qa7 {Threatens to win with Bh5.} ({Avoid the trap} 33. Qxd6 $2 Bf1+ 34. Kxf1 Qxd6 $19) 33... Qc3 34. Bh5 Bc7 35. Bxf7 $2 {[%mdl 8192]} (35. Qa4 $11 {and White is okay.} Be4+ 36. Bf3) 35... Qc6+ $19 ({Worse is} 35... Kxf7 {[#]} 36. Nc4 $1 $16 {[%mdl 512]}) 36. Kh3 {And now Bxe6! would win.} Kxf7 37. Qd4 Qd6 38. Qh8 (38. Qxd6 $142 Bxd6 39. Nc4) 38... Qf8 (38... f4 $142 39. Ng4 Bf1+ 40. Kh4 Qe7+ 41. Qf6+ Qxf6+ 42. Nxf6 Kxf6) 39. Qc3 Qd6 (39... Qd8 $142 40. Kg2 Ba5) 40. Qh8 $1 Qf8 (40... f4 $142 41. Ng4 Bf1+ 42. Kh4 Qe7+ 43. Qf6+ Qxf6+ 44. Nxf6 Kxf6 45. gxf4 Kf5 46. Kh5 Bxf4 47. Kh4 Bxh2 48. Kh5 Bf4 49. Kh4 e5 50. f3 Be2 51. Kh3 Bxf3 52. b4 e4 53. b5 e3 54. b6 e2 55. b7 e1=Q 56. b8=Q Qh1#) 41. Qc3 Qd8 42. b4 (42. Qa1 $142) 42... Bb6 43. Nc4 Bf1# {Precision: White = 36%, Black = 62%.} 0-1

[Event "EICC 2017"]
[Site "Minsk"]
[Date "2017.06.03"]
[Round "5"]
[White "Prohaszka, Peter"]
[Black "Mamedov, Rauf"]
[Result "1/2-1/2"]
[WhiteElo "2596"]
[BlackElo "2689"]
[Annotator "TA"]
[PlyCount "38"]
[EventDate "2017.??.??"]
[EventCountry "BLR"]
[SourceTitle "playchess.com"]
[Source "ChessBase"]
[SourceQuality "1"]

{[%evp 20,21,26,14]} 1. d4 Nf6 2. c4 g6 3. g3 c6 4. Bg2 d5 5. cxd5 cxd5 6. Nc3 Bg7 7. Nf3 {[%cal Bg1f3,Bf3e5,Be5c6][%mdl 32]} O-O 8. Ne5 Bf5 9. O-O Ne4 10. Bf4 Nc6 {D79: Fianchetto Grünfeld: Symmetrical Variation (6 0-0 c6 7 cxd5 cxd5)} 11. Nxc6 {LiveBook: 5 Games} {Predecessor:} bxc6 $146 12. Nxe4 Bxe4 13. Qd2 Qb6 14. Rfd1 Bxg2 15. Kxg2 Rfe8 16. Rac1 e5 17. dxe5 Bxe5 18. Bxe5 Rxe5 19. e3 Rae8 {1-0 (53) Grachev,B (2669)-Savchenko,B (2556) Minsk 2014} 1/2-1/2

[Event "EICC 2017"]
[Site "Minsk"]
[Date "2017.06.03"]
[Round "5"]
[White "Ponkratov, Pavel"]
[Black "Dubov, Daniil"]
[Result "0-1"]
[WhiteElo "2590"]
[BlackElo "2660"]
[Annotator "TA"]
[PlyCount "88"]
[EventDate "2017.??.??"]
[EventCountry "BLR"]
[SourceTitle "playchess.com"]
[Source "ChessBase"]
[SourceQuality "1"]

{[%evp 9,88,38,68,0,7,1,7,1,23,22,40,35,36,35,39,7,21,4,25,11,43,18,19,40,31,16,19,12,0,-23,-18,-34,-22,-34,-40,-39,-31,-74,-68,-68,-65,-63,-66,-70,-72,-84,-80,-83,-62,-60,-61,-56,-47,-45,-62,-117,-116,-111,-108,-222,-186,-622,-320,-643,-633,-562,-383,-379,-355,-543,-538,-502,-506,-1053,-1040,-1223,-1209,-1168,-1160,-1073,-1014]} 1. d4 Nf6 2. c4 g6 3. Nc3 d5 4. Bg5 c5 (4... Bg7 5. Bxf6 Bxf6 6. cxd5 c5 7. Nf3 cxd4 8. Nxd4 Qb6 9. Nb3 O-O 10. Qd2 Rd8 11. Rd1 Na6 12. e4 Bg4 13. Be2 Bxe2 14. Qxe2 Nb4 15. e5 Bg7 16. Nc1 Qa5 17. Nb3 Qb6 18. Nc1 Qa5 19. Nb3 {½-½ (19) Inarkiev,E (2727)-Nepomniachtchi,I (2751) Moscow 2017}) 5. Bxf6 $146 ({Predecessor:} 5. dxc5 d4 6. Bxf6 exf6 7. Nd5 Bxc5 8. b4 Bb6 9. c5 Qxd5 10. cxb6 axb6 11. e3 Rxa2 12. Rc1 {1-0 (21) Lorke,C-Stein,M Passau 1997}) 5... exf6 6. Nxd5 {D80: Grünfeld: Unusual White 4th moves and 4 Bg5} ({White should play} 6. cxd5 $14 Qb6 7. e3) 6... cxd4 $11 7. g3 Nc6 8. Bg2 {The position is equal.} Be6 9. Nh3 g5 10. f4 g4 11. Nf2 f5 12. Qa4 {Black should prevent Nf6+.} Bg7 13. Qa3 (13. Nb4 $5 {[%cal Rb4c6]} O-O 14. Nxc6 (14. Bxc6 bxc6 15. Nbd3 Qd6 $15) 14... bxc6 15. Nd3 $14 (15. Bxc6 Rc8 $14)) 13... Bf8 14. Qb3 Rb8 (14... Na5 $5 {[%cal Ra5b3]} 15. Qd1 Bg7 $14) 15. Rd1 Bg7 16. Qa3 Ne7 {[%cal Re6d5,Bc6e7,Be7c8,Bc8d6][%mdl 32]} 17. O-O Bxd5 18. cxd5 O-O 19. d6 Nc8 20. e4 {[#] Black must now prevent e5.} Nxd6 21. Qd3 {e5 is the strong threat.} fxe4 22. Nxe4 Re8 23. Rfe1 Qa5 24. a3 Re7 25. b4 Qf5 {[#] Strongly threatening ...Rbe8.} 26. Kf2 Rc8 27. Nxd6 Rc2+ 28. Kf1 Rxe1+ 29. Kxe1 Qxd3 30. Rxd3 Rxg2 $17 {[%mdl 4096] Endgame KRB-KRN} 31. Rd2 Rg1+ 32. Kf2 (32. Ke2 $15) 32... Rh1 33. Kg2 Ra1 34. Re2 (34. Rd3 $17 {keeps fighting.}) 34... d3 35. Re8+ (35. Rd2 {was the only defense.}) 35... Bf8 $19 {( -> ...d2)} 36. Nc4 $2 (36. Ne4 Rxa3 37. b5) 36... b5 37. Ne3 h5 38. Rd8 Rxa3 39. Nf5 (39. Kf2 $142) 39... f6 {Black is clearly winning.} 40. Kf2 Kf7 41. Nd4 (41. Nd6+ $142 Bxd6 42. Rxd6) 41... Bxb4 42. Rd7+ Ke8 43. Rd5 d2 44. Nc6 Ra1 {Precision: White = 31%, Black = 86%.} 0-1

[Event "EICC 2017"]
[Site "Minsk"]
[Date "2017.06.03"]
[Round "5"]
[White "Can, Emre"]
[Black "Asadli, Vugar"]
[Result "1-0"]
[WhiteElo "2589"]
[BlackElo "2439"]
[Annotator "TA"]
[PlyCount "54"]
[EventDate "2017.??.??"]
[EventCountry "BLR"]
[SourceTitle "playchess.com"]
[Source "ChessBase"]
[SourceQuality "1"]

{[%evp 22,54,51,32,31,35,50,37,48,46,219,202,294,257,466,478,489,484,489,489,489,489,485,483,490,489,454,447,658,605,1027,1018,1395,1388,29994]} 1. d4 Nf6 2. c4 e6 3. Nf3 b6 4. g3 Ba6 5. b3 Bb4+ 6. Bd2 Be7 7. Nc3 d5 8. cxd5 exd5 9. Bg2 O-O 10. O-O Re8 11. Ne5 {E15: Queen's Indian: 4 g3 sidelines, 4 g3 Ba6 and 4 g3 Bb7 early deviations} (11. Qc2 c5 12. Rfd1 Nc6 13. Bg5 h6 14. Bxf6 Bxf6 15. e3 cxd4 16. Nxd4 Nxd4 17. exd4 Rc8 18. Qd2 Bb7 {½-½ (46) Bu,X (2705)-Matlakov,M (2694) Doha 2016}) 11... c6 12. Re1 {LiveBook: 5 Games} Nfd7 13. Ng4 $146 {[%cal Be5g4,Bg4e3,Be3f5][%mdl 32] White is slightly better.} ({Predecessor:} 13. Nxd7 Nxd7 14. e4 dxe4 15. Nxe4 Rc8 16. Rc1 f5 17. Ng5 Bxg5 18. Rxe8+ Qxe8 19. Bxg5 {0-1 (37) Erkhembayar,D (2343)-Bayarmandakh,B (2345) Ulaanbaatar 2009}) 13... Nf8 14. e4 dxe4 15. Ne3 Bf6 $2 (15... Ne6 $1 $14) 16. Nxe4 $18 Bxd4 {[#]} (16... Nbd7 {keeps fighting.} 17. Nf5 Bd3) 17. Nf5 $1 {[%cal Rf5d4]} Be5 $2 (17... Bc8 {might work better.}) 18. Qg4 {Strongly threatening Nh6+.White is clearly winning.} Ng6 19. Rad1 Bc8 20. Bg5 Qc7 21. Ned6 Bxf5 22. Qxf5 ({Weaker is} 22. Nxe8 Bxg4 23. Nxc7 Bxd1 $18) ({Less strong is} 22. Nxf5 Na6 $16) 22... Re6 {[#]} 23. Nb5 $1 {[%mdl 512]} cxb5 24. Bxa8 h6 (24... Nd7 $142 25. Bd5 Ndf8 26. Bxe6 Nxe6) 25. Bd5 Ne7 26. Bxe7 $1 Rxe7 27. Rc1 h5 {Precision: White = 88%, Black = 29%.} 1-0

[Event "EICC 2017"]
[Site "Minsk"]
[Date "2017.06.03"]
[Round "5"]
[White "Potkin, Vladimir"]
[Black "Saraci, Nderim"]
[Result "1/2-1/2"]
[WhiteElo "2588"]
[BlackElo "2383"]
[Annotator "TA"]
[PlyCount "144"]
[EventDate "2017.??.??"]
[EventCountry "BLR"]
[SourceTitle "playchess.com"]
[Source "ChessBase"]
[SourceQuality "1"]

{[%evp 9,144,11,7,4,36,46,38,41,53,47,41,43,45,35,37,39,32,41,46,46,75,63,69,69,69,75,70,47,61,54,63,44,34,34,36,46,56,44,52,46,58,34,30,26,26,31,63,70,105,95,93,98,93,91,103,95,242,236,238,244,227,219,231,223,268,265,267,251,350,100,102,66,66,66,68,52,60,52,84,70,83,85,85,60,63,0,66,57,56,58,64,64,74,63,66,63,62,62,69,66,193,189,219,218,254,254,241,195,215,219,366,341,361,350,586,570,399,330,258,41,41,41,89,5,5,0,5,5,5,0,5,0,5,0,5,0,5]} 1. c4 e5 2. Nc3 Bb4 3. Nd5 Bc5 4. b4 Bd4 5. Rb1 c6 6. e3 {A21: English Opening: 1...e5 2 Nc3} Bb6 7. Nxb6 axb6 8. Bb2 {White is slightly better.} d6 9. a3 Nf6 10. Ne2 $146 ({Predecessor:} 10. Nf3 O-O 11. Be2 c5 12. O-O Nc6 {0-1 (46) Rosen,E (2328)-Benjamin,J (2559) Rockville 2012}) 10... Bf5 11. d3 Nbd7 12. Ng3 Bg6 13. Be2 O-O 14. O-O d5 15. f4 exf4 $1 16. exf4 h6 $1 17. f5 Bh7 18. Qd2 Re8 19. Rbe1 b5 20. Qf4 dxc4 21. dxc4 bxc4 22. Bxc4 Rxe1 23. Rxe1 Nb6 24. Bb3 (24. Bxf7+ $5 Kxf7 25. Bxf6 gxf6 26. Qxh6 $14 (26. Nh5 $2 Nd5 $19)) 24... Nbd5 25. Qh4 Qf8 26. Ne4 Nxe4 27. Qxe4 Qd6 28. g4 Kh8 29. Bxd5 $1 $40 {[%mdl 128] White goes for the king.} cxd5 30. Qe5 $1 {[%cal Re5g7]} Qxe5 31. Rxe5 $16 {[%mdl 4096] Endgame KRB-KRB} f6 32. Re7 Rc8 (32... b5 $16) 33. Rxb7 $18 Rc2 34. Bd4 Rc4 35. Rb8+ Bg8 36. Bc5 Rxg4+ 37. Kf2 d4 38. Kf3 Rh4 39. Kg3 $2 (39. b5 $1 $18) 39... Rh5 $16 40. a4 Rxf5 41. Bxd4 {aiming for a5.} Kh7 $1 42. a5 {Threatens to win with Rxg8.} Bd5 {White must now prevent ...Rf3+.} 43. Rd8 Rf3+ 44. Kg2 Be4 45. Kg1 Ra3 46. Re8 Bd5 47. Rd8 Be4 48. Kf2 Kg6 49. Rd7 h5 50. h4 Rf3+ 51. Ke2 Rh3 52. Bf2 Bc6 53. Rd6 Bb5+ 54. Kd2 {Hoping for a6.} Rh2 (54... Ra3 $14) 55. Ke3 $18 Rh3+ 56. Kd4 $1 Ra3 57. Kc5 Bf1 58. Be1 Re3 59. Bd2 Re5+ (59... Re8 $142 60. a6 Re5+ 61. Kb6 Rb5+ 62. Kc7 Bg2) 60. Kb6 Kf5 61. a6 {[%cal Ba5a6,Ba6a7][%mdl 32]} g5 $2 (61... Re8 {was necessary.} 62. a7 Bg2) 62. a7 Bg2 63. hxg5 fxg5 {[#]} 64. Rd8 $2 ({Only move:} 64. b5 $1 $18) 64... Re6+ $14 65. Ka5 {Strongly threatening b5.} Re2 {[#]} 66. Bc3 ({White should play} 66. b5 $1 $16) 66... h4 $11 {The position is equal.} 67. Rf8+ Kg6 68. Rg8+ Kf5 69. Rf8+ Kg6 70. Rg8+ Kf5 71. Rf8+ Kg6 {Threatening ...h3.} 72. Rg8+ Kf5 {Precision: White = 64%, Black = 63%.} 1/2-1/2